<?xml version="1.0" encoding="UTF-8"?>
<collection xmlns="http://www.loc.gov/MARC21/slim">
 <record>
  <leader>02964pam a22003258a 4500</leader>
  <controlfield tag="001">00031126</controlfield>
  <controlfield tag="005">20171026081025.0</controlfield>
  <controlfield tag="008">130916s2013                  ||||||viesd</controlfield>
  <datafield tag="020" ind1="#" ind2="#">
   <subfield code="c">0</subfield>
  </datafield>
  <datafield tag="041" ind1="0" ind2="#">
   <subfield code="a">vie</subfield>
  </datafield>
  <datafield tag="082" ind1="1" ind2="4">
   <subfield code="a">620.007</subfield>
   <subfield code="b">CH561TR</subfield>
  </datafield>
  <datafield tag="245" ind1="1" ind2="0">
   <subfield code="a">Chương trình giáo dục đại học đào tạo giáo viên trung học phổ thông theo hệ thống tín chỉ ngành sư phạm kỹ thuật công nghiệp</subfield>
  </datafield>
  <datafield tag="260" ind1="#" ind2="#">
   <subfield code="a">Cần Thơ</subfield>
   <subfield code="b">Đại học Cần Thơ</subfield>
   <subfield code="c">2013</subfield>
  </datafield>
  <datafield tag="300" ind1="#" ind2="#">
   <subfield code="a">260 tr.</subfield>
   <subfield code="c">27 cm.</subfield>
  </datafield>
  <datafield tag="500" ind1="#" ind2="#">
   <subfield code="a">Đầu bìa sách ghi: Bộ Giáo dục và Đào tạo MOET. Ngân hàng phát triển Châu Á ADB. Dự án PT GV THPT&amp;TCCN- Trường Đại học Sư phạm- Đại học Huế</subfield>
  </datafield>
  <datafield tag="653" ind1="#" ind2="#">
   <subfield code="a">Chương trình đào tạo</subfield>
  </datafield>
  <datafield tag="653" ind1="#" ind2="#">
   <subfield code="a">Giáo dục đại học</subfield>
  </datafield>
  <datafield tag="653" ind1="#" ind2="#">
   <subfield code="a">Sư phạm</subfield>
  </datafield>
  <datafield tag="653" ind1="#" ind2="#">
   <subfield code="a">Kỹ thuật công nghệp</subfield>
  </datafield>
  <datafield tag="852" ind1="#" ind2="#">
   <subfield code="b">Kho giáo trình</subfield>
   <subfield code="j">KGT.0040305, KGT.0040306, KGT.0040307, KGT.0040254, KGT.0040255, KGT.0040256, KGT.0040257, KGT.0040258, KGT.0040259, KGT.0040260, KGT.0040261, KGT.0040262, KGT.0040263, KGT.0040264, KGT.0040265, KGT.0040266, KGT.0040267, KGT.0040268, KGT.0040269, KGT.0040270, KGT.0040271, KGT.0040272, KGT.0040273, KGT.0040274, KGT.0040275, KGT.0040276, KGT.0040277, KGT.0040278, KGT.0040279, KGT.0040280, KGT.0040281, KGT.0040282, KGT.0040283, KGT.0040284, KGT.0040285, KGT.0040286, KGT.0040287, KGT.0040288, KGT.0040289, KGT.0040290, KGT.0040291, KGT.0040292, KGT.0040293, KGT.0040294, KGT.0040295, KGT.0040296, KGT.0040297, KGT.0040298, KGT.0040299, KGT.0040300, KGT.0040301, KGT.0040302, KGT.0040303, KGT.0040304, KGT.0040308, KGT.0040309, KGT.0040310, KGT.0040311, KGT.0040312, KGT.0040313, KGT.0040314, KGT.0040315, KGT.0040316, KGT.0040317, KGT.0040318, KGT.0040319, KGT.0040320, KGT.0040321, KGT.0040322, KGT.0040323, KGT.0040324, KGT.0040325, KGT.0040326, KGT.0040327, KGT.0040328, KGT.0040329, KGT.0040330, KGT.0040331, KGT.0040332, KGT.0040333, KGT.0040334, KGT.0040335, KGT.0040336, KGT.0040337, KGT.0040338, KGT.0040339, KGT.0040340, KGT.0040341, KGT.0040342, KGT.0040343, KGT.0040344, KGT.0040345, KGT.0040346, KGT.0040347</subfield>
  </datafield>
  <datafield tag="852" ind1="#" ind2="#">
   <subfield code="b">Kho mượn</subfield>
   <subfield code="j">KGT.0040305</subfield>
  </datafield>
  <datafield tag="852" ind1="#" ind2="#">
   <subfield code="j">KGT.0040305</subfield>
   <subfield code="j">KGT.0040306</subfield>
   <subfield code="j">KGT.0040256</subfield>
   <subfield code="j">KGT.0040257</subfield>
   <subfield code="j">KGT.0040259</subfield>
   <subfield code="j">KGT.0040260</subfield>
   <subfield code="j">KGT.0040262</subfield>
   <subfield code="j">KGT.0040263</subfield>
   <subfield code="j">KGT.0040267</subfield>
   <subfield code="j">KGT.0040268</subfield>
   <subfield code="j">KGT.0040270</subfield>
   <subfield code="j">KGT.0040271</subfield>
   <subfield code="j">KGT.0040275</subfield>
   <subfield code="j">KGT.0040277</subfield>
   <subfield code="j">KGT.0040278</subfield>
   <subfield code="j">KGT.0040280</subfield>
   <subfield code="j">KGT.0040281</subfield>
   <subfield code="j">KGT.0040285</subfield>
   <subfield code="j">KGT.0040286</subfield>
   <subfield code="j">KGT.0040288</subfield>
   <subfield code="j">KGT.0040289</subfield>
   <subfield code="j">KGT.0040255</subfield>
   <subfield code="j">KGT.0040264</subfield>
   <subfield code="j">KGT.0040273</subfield>
   <subfield code="j">KGT.0040274</subfield>
   <subfield code="j">KGT.0040283</subfield>
   <subfield code="j">KGT.0040307</subfield>
   <subfield code="j">KD.0014923</subfield>
   <subfield code="j">KGT.0040254</subfield>
   <subfield code="j">KGT.0040258</subfield>
   <subfield code="j">KGT.0040261</subfield>
   <subfield code="j">KGT.0040265</subfield>
   <subfield code="j">KGT.0040266</subfield>
   <subfield code="j">KGT.0040269</subfield>
   <subfield code="j">KGT.0040272</subfield>
   <subfield code="j">KGT.0040276</subfield>
   <subfield code="j">KGT.0040279</subfield>
   <subfield code="j">KGT.0040282</subfield>
   <subfield code="j">KGT.0040284</subfield>
   <subfield code="j">KGT.0040287</subfield>
  </datafield>
  <datafield tag="852" ind1="#" ind2="#">
   <subfield code="b">Kho đọc</subfield>
   <subfield code="j">KD.0014923</subfield>
  </datafield>
  <datafield tag="910" ind1=" " ind2=" ">
   <subfield code="d">9/2013</subfield>
  </datafield>
  <datafield tag="980" ind1="#" ind2="#">
   <subfield code="a">Trung tâm Học liệu Lê Vũ Hùng, Trường Đại học Đồng Tháp</subfield>
  </datafield>
 </record>
</collection>
